[Event "DVM U12 2016"]
[Site "Magdeburg GER"]
[Date "2016.12.30"]
[Round "7"]
[White "Eschner, Fabian"]
[Black "Schubert, Nikita"]
[Result "0-1"]
[Termination "normal"]
[Board "4.2"]
[WhiteElo "1515"]
[BlackElo "1792"]
[WhiteClock "00:18:54"]
[BlackClock "00:12:35"]
[WhiteTeam "Schachzwerge Magdeburg"]
[BlackTeam "ESV Gera"]
[PlyCount "149"]
[WhiteFideId "16232860"]
[BlackFideId "16212339"]
[EventCountry "GER"]
[EventRounds "7"]
[EventType "team-swiss"]
[EventDate "2016.12.26"]

1. e4 {[%clk 1:15:53]} e5 {[%clk 1:15:55]} 2. Nf3 {[%clk 1:16:01]} Nc6 {[%clk
1:16:15]} 3. Bc4 {[%clk 1:16:20]} Bc5 {[%clk 1:16:38]} 4. c3 {[%clk 1:16:25]}
Nf6 {[%clk 1:16:49]} 5. d4 {[%clk 1:16:13]} exd4 {[%clk 1:17:11]} 6. e5 {[%clk
1:15:03]} d5 {[%clk 1:17:28]} 7. Be2 {[%clk 1:14:23]} Ne4 {[%clk 1:12:37]} 8.
cxd4 {[%clk 1:13:29]} Bb6 {[%clk 1:11:37]} 9. O-O {[%clk 1:10:23]} O-O {[%clk
1:10:22]} 10. b3 {[%clk 1:03:49]} Bg4 {[%clk 1:03:26]} 11. Bb2 {[%clk 1:01:39]}
f6 {[%clk 0:58:58]} 12. Nbd2 {[%clk 0:59:22]} Nxd2 {[%clk 0:51:09]} 13. Qxd2
{[%clk 0:57:12]} Re8 {[%clk 0:46:49]} 14. Rfe1 {[%clk 0:45:06]} Ba5 {[%clk
0:36:37]} 15. Bc3 {[%clk 0:42:47]} Bxc3 {[%clk 0:36:10]} 16. Qxc3 {[%clk
0:42:43]} fxe5 {[%clk 0:35:23]} 17. Nxe5 {[%clk 0:31:25]} Nxe5 {[%clk 0:34:50]}
18. dxe5 {[%clk 0:31:11]} Be6 {[%clk 0:31:07]} 19. Rac1 {[%clk 0:30:50]} c6
{[%clk 0:30:45]} 20. Rcd1 {[%clk 0:29:43]} Qg5 {[%clk 0:20:31]} 21. Rd3 {[%clk
0:28:04]} Rf8 {[%clk 0:18:32]} 22. Rg3 {[%clk 0:27:16]} Qe7 {[%clk 0:17:20]}
23. Qd2 {[%clk 0:24:21]} Kh8 {[%clk 0:17:16]} 24. f4 {[%clk 0:23:40]} Qh4
{[%clk 0:15:54]} 25. Rf1 {[%clk 0:23:00]} Rf7 {[%clk 0:15:18]} 26. Rg5 {[%clk
0:21:42]} g6 {[%clk 0:13:46]} 27. Qb4 {[%clk 0:13:58]} Re8 {[%clk 0:11:20]} 28.
Qd2 {[%clk 0:06:15]} Qh6 {[%clk 0:11:11]} 29. Bg4 {[%clk 0:06:08]} Bxg4 {[%clk
0:10:53]} 30. Rxg4 {[%clk 0:06:27]} Qf8 {[%clk 0:10:57]} 31. Qd4 {[%clk
0:05:46]} a6 {[%clk 0:10:21]} 32. e6+ {[%clk 0:05:23]} Qg7 {[%clk 0:09:16]} 33.
Qxg7+ {[%clk 0:04:07]} Rxg7 {[%clk 0:09:39]} 34. Re1 {[%clk 0:03:20]} Rge7
{[%clk 0:09:38]} 35. Rg5 {[%clk 0:03:08]} Rxe6 {[%clk 0:09:41]} 36. Rge5 {[%clk
0:03:15]} Rxe5 {[%clk 0:09:36]} 37. fxe5 {[%clk 0:03:11]} Kg7 {[%clk 0:09:56]}
38. Kf2 {[%clk 0:03:28]} Kf7 {[%clk 0:10:04]} 39. Kf3 {[%clk 0:03:33]} Ke6
{[%clk 0:08:44]} 40. g4 {[%clk 0:03:36]} Rf8+ {[%clk 0:08:59]} 41. Kg3 {[%clk
0:03:45]} g5 {[%clk 0:08:21]} 42. h4 {[%clk 0:03:18]} h6 {[%clk 0:07:57]} 43.
Re2 {[%clk 0:02:55]} c5 {[%clk 0:06:12]} 44. Rc2 {[%clk 0:03:02]} b6 {[%clk
0:05:50]} 45. a4 {[%clk 0:02:54]} Kxe5 {[%clk 0:05:57]} 46. a5 b5 {[%clk
0:03:19]} 47. Rxc5 {[%clk 0:03:34]} Rf6 {[%clk 0:03:12]} 48. Rc1 {[%clk
0:02:45]} Kd4 {[%clk 0:14:00]} 49. Rc8 {[%clk 0:17:27]} Ke5 {[%clk 0:11:25]}
50. Re8+ {[%clk 0:15:09]} Kd6 {[%clk 0:10:53]} 51. Ra8 {[%clk 0:14:29]} Kc5
{[%clk 0:11:06]} 52. Rb8 {[%clk 0:14:26]} d4 {[%clk 0:10:12]} 53. b4+ {[%clk
0:14:11]} Kd5 {[%clk 0:09:17]} 54. Rd8+ {[%clk 0:14:09]} Rd6 {[%clk 0:09:27]}
55. Rf8 {[%clk 0:13:44]} gxh4+ {[%clk 0:08:37]} 56. Kxh4 {[%clk 0:13:59]} d3
{[%clk 0:08:34]} 57. Rf2 {[%clk 0:13:41]} Ke4 {[%clk 0:08:06]} 58. Kg3 {[%clk
0:13:48]} d2 {[%clk 0:07:46]} 59. Rf4+ {[%clk 0:13:46]} Kd3 {[%clk 0:07:54]}
60. Rf3+ {[%clk 0:14:07]} Kc2 {[%clk 0:08:07]} 61. Rf2 {[%clk 0:14:27]} Kc1
{[%clk 0:08:20]} 62. Rf1+ {[%clk 0:14:34]} d1=Q {[%clk 0:08:43]} 63. Rxd1+
{[%clk 0:15:02]} Kxd1 {[%clk 0:08:58]} 64. Kf3 {[%clk 0:15:22]} Kc2 {[%clk
0:09:12]} 65. Ke4 {[%clk 0:15:41]} Kb3 {[%clk 0:09:32]} 66. Ke5 {[%clk
0:16:04]} Rd1 {[%clk 0:09:49]} 67. Ke4 {[%clk 0:16:28]} Kxb4 {[%clk 0:10:14]}
68. Ke3 {[%clk 0:16:48]} Kc3 {[%clk 0:10:30]} 69. Ke2 {[%clk 0:17:09]} Rd3
{[%clk 0:10:49]} 70. Ke1 {[%clk 0:17:34]} b4 {[%clk 0:11:13]} 71. Ke2 {[%clk
0:18:00]} b3 {[%clk 0:11:39]} 72. g5 {[%clk 0:18:16]} b2 {[%clk 0:11:52]} 73.
gxh6 {[%clk 0:18:29]} b1=Q {[%clk 0:12:13]} 74. h7 {[%clk 0:18:54]} Qc2+ {[%clk
0:12:35]} 75. Ke1 0-1

[Event "DVM U12 2016"]
[Site "Magdeburg GER"]
[Date "2016.12.30"]
[Round "7"]
[White "Müller, Magnus"]
[Black "Joppich, Til"]
[Result "1-0"]
[Termination "normal"]
[Board "4.3"]
[WhiteElo "1599"]
[BlackElo "1483"]
[WhiteClock "00:26:13"]
[BlackClock "00:03:17"]
[WhiteTeam "ESV Gera"]
[BlackTeam "Schachzwerge Magdeburg"]
[PlyCount "79"]
[WhiteFideId "16230060"]
[BlackFideId "16232917"]
[EventCountry "GER"]
[EventRounds "7"]
[EventType "team-swiss"]
[EventDate "2016.12.26"]

1. e4 {[%clk 1:15:59]} e5 {[%clk 1:15:51]} 2. Nf3 {[%clk 1:16:13]} Nc6 {[%clk
1:16:10]} 3. Bb5 {[%clk 1:15:31]} a6 {[%clk 1:15:23]} 4. Ba4 {[%clk 1:15:13]}
Nf6 {[%clk 1:15:17]} 5. d3 {[%clk 1:14:43]} b5 {[%clk 1:04:52]} 6. Bb3 Bc5
{[%clk 1:02:08]} 7. O-O {[%clk 1:12:26]} O-O {[%clk 1:01:50]} 8. a4 {[%clk
1:09:39]} Ba7 {[%clk 0:55:38]} 9. axb5 {[%clk 1:07:24]} axb5 {[%clk 0:51:26]}
10. Nc3 {[%clk 1:05:47]} Bxf2+ {[%clk 0:45:11]} 11. Kxf2 {[%clk 0:59:17]} Rxa1
{[%clk 0:45:23]} 12. Nxb5 Ra5 {[%clk 0:43:31]} 13. Nc3 {[%clk 0:55:11]} d6
{[%clk 0:40:42]} 14. Bg5 {[%clk 0:54:16]} Be6 {[%clk 0:38:07]} 15. Nd5 {[%clk
0:51:26]} Ng4+ {[%clk 0:33:41]} 16. Kg3 {[%clk 0:37:36]} Qc8 {[%clk 0:27:44]}
17. h3 {[%clk 0:36:36]} f6 {[%clk 0:19:03]} 18. Bd2 {[%clk 0:35:43]} Nh6 {[%clk
0:14:58]} 19. Bxa5 {[%clk 0:35:51]} Qd7 {[%clk 0:14:15]} 20. Ba4 {[%clk
0:32:24]} Nf7 {[%clk 0:10:55]} 21. Bxc6 {[%clk 0:32:17]} Qd8 {[%clk 0:08:47]}
22. Bxc7 {[%clk 0:32:37]} Bxd5 {[%clk 0:07:40]} 23. Bxd8 {[%clk 0:32:57]} Bxc6
{[%clk 0:07:48]} 24. Ba5 {[%clk 0:32:26]} Ra8 {[%clk 0:06:50]} 25. b4 {[%clk
0:31:18]} Ba4 26. Qd2 {[%clk 0:30:28]} Rc8 {[%clk 0:06:10]} 27. c4 {[%clk
0:30:17]} Bd7 {[%clk 0:06:02]} 28. b5 {[%clk 0:29:48]} h6 {[%clk 0:05:39]} 29.
Rb1 {[%clk 0:29:21]} Rb8 {[%clk 0:05:18]} 30. b6 {[%clk 0:29:35]} Nd8 {[%clk
0:05:05]} 31. b7 {[%clk 0:28:13]} Ne6 {[%clk 0:04:32]} 32. Bc7 {[%clk 0:24:23]}
Nxc7 {[%clk 0:04:06]} 33. Qa5 {[%clk 0:24:48]} Ne6 {[%clk 0:03:27]} 34. Qa7
{[%clk 0:24:59]} Rd8 {[%clk 0:03:12]} 35. b8=Q {[%clk 0:25:19]} Rxb8 36. Rxb8+
{[%clk 0:25:40]} Kh7 {[%clk 0:03:55]} 37. Qxd7 {[%clk 0:25:55]} Nf4 {[%clk
0:03:00]} 38. Qf5+ {[%clk 0:25:56]} Ng6 {[%clk 0:03:18]} 39. Nh4 {[%clk
0:26:13]} h5 {[%clk 0:03:17]} 40. Qxg6# 1-0

[Event "DVM U12 2016"]
[Site "Magdeburg GER"]
[Date "2016.12.30"]
[Round "7"]
[White "Heutling, Elina"]
[Black "Helmsdorf, Marius"]
[Result "1-0"]
[Termination "normal"]
[Board "4.4"]
[WhiteElo "1383"]
[BlackElo "1301"]
[WhiteClock "00:02:33"]
[BlackClock "00:18:16"]
[WhiteTeam "Schachzwerge Magdeburg"]
[BlackTeam "ESV Gera"]
[PlyCount "45"]
[WhiteFideId "16244729"]
[BlackFideId "16274873"]
[EventCountry "GER"]
[EventRounds "7"]
[EventType "team-swiss"]
[EventDate "2016.12.26"]

1. e4 {[%clk 1:15:58]} c6 {[%clk 1:15:56]} 2. d4 {[%clk 1:16:18]} d5 {[%clk
1:16:22]} 3. e5 {[%clk 1:16:35]} Bf5 {[%clk 1:16:46]} 4. Nf3 {[%clk 1:16:51]}
e6 {[%clk 1:16:51]} 5. Be2 {[%clk 1:16:52]} Nd7 {[%clk 1:15:26]} 6. O-O {[%clk
1:16:44]} c5 {[%clk 1:14:04]} 7. c4 {[%clk 1:16:16]} cxd4 {[%clk 1:12:02]} 8.
Nxd4 {[%clk 1:14:13]} Bxb1 {[%clk 1:06:43]} 9. Rxb1 {[%clk 1:12:05]} Nxe5
{[%clk 1:04:05]} 10. cxd5 {[%clk 1:07:34]} Qxd5 {[%clk 1:00:10]} 11. Qa4+
{[%clk 1:01:13]} Nd7 {[%clk 0:48:06]} 12. Bf3 {[%clk 0:48:10]} Qc5 {[%clk
0:43:33]} 13. Bxb7 {[%clk 0:31:43]} Rb8 {[%clk 0:42:42]} 14. Bc6 {[%clk
0:30:02]} Rd8 {[%clk 0:36:16]} 15. Bd2 {[%clk 0:24:44]} Qd6 {[%clk 0:33:44]}
16. Rbc1 {[%clk 0:17:01]} Ne7 {[%clk 0:29:40]} 17. Nb5 {[%clk 0:13:06]} Qb8
{[%clk 0:25:41]} 18. Nxa7 {[%clk 0:09:40]} Qc7 {[%clk 0:24:37]} 19. Bb5 {[%clk
0:07:18]} Qb7 {[%clk 0:24:02]} 20. Rfd1 {[%clk 0:04:51]} Nd5 {[%clk 0:21:44]}
21. Bc6 {[%clk 0:03:35]} N5b6 {[%clk 0:19:55]} 22. Qa5 {[%clk 0:02:39]} Qc7
{[%clk 0:18:16]} 23. Bxd7+ {[%clk 0:02:33]} 1-0

[Event "DVM U12 2016"]
[Site "Magdeburg GER"]
[Date "2016.12.30"]
[Round "7"]
[White "Pahl, Erik"]
[Black "Wu, Leon"]
[Result "0-1"]
[Termination "normal"]
[Board "5.1"]
[WhiteElo "1741"]
[BlackElo "1839"]
[WhiteClock "00:17:43"]
[BlackClock "00:33:27"]
[WhiteTeam "Delmenhorster SK"]
[BlackTeam "SK Mannheim-Lindenhof"]
[PlyCount "98"]
[WhiteFideId "16201272"]
[BlackFideId "12977438"]
[EventCountry "GER"]
[EventRounds "7"]
[EventType "team-swiss"]
[EventDate "2016.12.26"]

1. e4 {[%clk 1:15:56]} c5 {[%clk 1:15:46]} 2. Nf3 {[%clk 1:16:23]} d6 {[%clk
1:16:07]} 3. d4 {[%clk 1:16:50]} cxd4 {[%clk 1:16:34]} 4. Qxd4 {[%clk 1:17:15]}
Nc6 {[%clk 1:15:59]} 5. Bb5 {[%clk 1:17:29]} Nf6 {[%clk 1:15:22]} 6. Bxc6+
{[%clk 1:13:47]} bxc6 {[%clk 1:15:38]} 7. c4 {[%clk 1:10:59]} Bb7 {[%clk
1:12:30]} 8. Nc3 {[%clk 1:09:25]} e6 {[%clk 1:11:13]} 9. e5 {[%clk 1:01:31]}
dxe5 {[%clk 1:10:57]} 10. Qxd8+ {[%clk 1:00:25]} Rxd8 {[%clk 1:10:43]} 11. Nxe5
{[%clk 1:00:42]} Bd6 {[%clk 1:10:37]} 12. Nf3 {[%clk 0:59:18]} Ba6 {[%clk
1:08:28]} 13. b3 {[%clk 0:57:39]} Bb4 {[%clk 0:58:12]} 14. Bd2 {[%clk 0:55:03]}
Rxd2 {[%clk 0:52:53]} 15. Kxd2 {[%clk 0:55:21]} Ne4+ {[%clk 0:53:16]} 16. Kd3
{[%clk 0:55:25]} Nxf2+ {[%clk 0:53:10]} 17. Kc2 {[%clk 0:55:53]} Nxh1 {[%clk
0:53:16]} 18. Rxh1 {[%clk 0:56:19]} Ke7 {[%clk 0:53:01]} 19. Rd1 {[%clk
0:56:09]} f6 {[%clk 0:52:12]} 20. Nd4 {[%clk 0:55:46]} Bb7 {[%clk 0:51:17]} 21.
Re1 {[%clk 0:51:31]} Kf7 {[%clk 0:47:41]} 22. Kb2 {[%clk 0:46:34]} e5 {[%clk
0:42:45]} 23. Nc2 {[%clk 0:44:42]} Be7 {[%clk 0:42:08]} 24. Re2 {[%clk
0:43:21]} Rd8 {[%clk 0:40:13]} 25. Ne3 {[%clk 0:41:17]} g6 {[%clk 0:39:27]} 26.
a3 {[%clk 0:39:29]} Ke6 {[%clk 0:36:54]} 27. b4 {[%clk 0:35:43]} f5 {[%clk
0:35:22]} 28. b5 {[%clk 0:33:41]} e4 {[%clk 0:34:51]} 29. bxc6 {[%clk 0:31:47]}
Bxc6 {[%clk 0:35:16]} 30. Ned5 {[%clk 0:31:43]} Bf6 {[%clk 0:34:54]} 31. Kc2
{[%clk 0:26:41]} Bxc3 {[%clk 0:34:35]} 32. Nxc3 {[%clk 0:27:05]} Ke5 {[%clk
0:34:17]} 33. Rd2 {[%clk 0:20:09]} Rxd2+ {[%clk 0:33:56]} 34. Kxd2 {[%clk
0:20:18]} Kd4 {[%clk 0:34:08]} 35. Ne2+ {[%clk 0:19:37]} Kxc4 {[%clk 0:33:31]}
36. Ke3 {[%clk 0:19:48]} g5 {[%clk 0:33:05]} 37. g3 {[%clk 0:20:14]} Bd7 {[%clk
0:32:31]} 38. Nd4 {[%clk 0:19:39]} Kd5 {[%clk 0:31:34]} 39. Ne2 {[%clk
0:18:24]} Ke5 {[%clk 0:31:43]} 40. h3 {[%clk 0:16:39]} h6 {[%clk 0:32:00]} 41.
h4 {[%clk 0:15:59]} a6 {[%clk 0:32:03]} 42. hxg5 {[%clk 0:15:50]} hxg5 {[%clk
0:32:27]} 43. Nc3 {[%clk 0:16:03]} f4+ {[%clk 0:32:44]} 44. gxf4+ {[%clk
0:16:28]} gxf4+ {[%clk 0:33:06]} 45. Kf2 {[%clk 0:16:45]} Bg4 {[%clk 0:33:04]}
46. Ke1 {[%clk 0:16:42]} e3 {[%clk 0:32:50]} 47. a4 {[%clk 0:16:56]} Kd4 {[%clk
0:33:03]} 48. Ne2+ {[%clk 0:17:16]} Bxe2 {[%clk 0:33:27]} 49. Kxe2 {[%clk
0:17:43]} f3+ 0-1

[Event "DVM U12 2016"]
[Site "Magdeburg GER"]
[Date "2016.12.30"]
[Round "7"]
[White "Wu, Luka"]
[Black "Pahl, Theis"]
[Result "1/2-1/2"]
[Termination "normal"]
[Board "5.2"]
[WhiteElo "1735"]
[BlackElo "1729"]
[WhiteClock "00:01:06"]
[BlackClock "00:07:38"]
[WhiteTeam "SK Mannheim-Lindenhof"]
[BlackTeam "Delmenhorster SK"]
[PlyCount "94"]
[WhiteFideId "12977420"]
[BlackFideId "16201264"]
[EventCountry "GER"]
[EventRounds "7"]
[EventType "team-swiss"]
[EventDate "2016.12.26"]

1. e4 {[%clk 1:15:58]} c5 {[%clk 1:15:56]} 2. Nf3 {[%clk 1:16:22]} e6 {[%clk
1:16:23]} 3. d4 {[%clk 1:16:32]} cxd4 4. Nxd4 {[%clk 1:16:54]} Nf6 {[%clk
1:17:14]} 5. Bd3 {[%clk 1:15:43]} a6 {[%clk 1:17:39]} 6. O-O {[%clk 1:15:49]}
Qc7 {[%clk 1:17:53]} 7. Nc3 {[%clk 1:13:19]} d6 {[%clk 1:17:26]} 8. Be3 {[%clk
1:11:57]} Nbd7 {[%clk 1:16:59]} 9. Nb3 {[%clk 1:06:35]} b5 {[%clk 1:12:53]} 10.
a3 {[%clk 1:05:28]} Bb7 {[%clk 1:11:34]} 11. Qe2 {[%clk 1:04:17]} Ne5 {[%clk
1:09:24]} 12. f4 {[%clk 1:00:28]} Nxd3 {[%clk 1:08:50]} 13. cxd3 {[%clk
1:00:42]} Be7 {[%clk 1:07:43]} 14. Rac1 {[%clk 1:00:14]} Qd7 {[%clk 1:03:46]}
15. Na5 {[%clk 0:59:00]} O-O {[%clk 1:01:41]} 16. Nxb7 {[%clk 0:59:20]} Qxb7
{[%clk 1:02:05]} 17. Rf3 {[%clk 0:58:34]} e5 {[%clk 0:57:30]} 18. f5 {[%clk
0:57:55]} d5 {[%clk 0:55:17]} 19. Rg3 {[%clk 0:51:20]} Kh8 {[%clk 0:53:30]} 20.
Nxd5 {[%clk 0:49:20]} Nxd5 {[%clk 0:53:34]} 21. exd5 {[%clk 0:49:39]} Qxd5
{[%clk 0:53:27]} 22. Rh3 {[%clk 0:45:53]} f6 {[%clk 0:42:26]} 23. Qh5 {[%clk
0:30:42]} Qg8 {[%clk 0:35:42]} 24. Rc7 {[%clk 0:30:32]} Bd6 {[%clk 0:34:56]}
25. Rc6 {[%clk 0:30:54]} Rfd8 {[%clk 0:32:47]} 26. Kf1 {[%clk 0:23:14]} Bf8
{[%clk 0:32:25]} 27. Ke2 {[%clk 0:22:15]} Rdc8 {[%clk 0:32:17]} 28. Rc1 {[%clk
0:08:02]} Rxc1 {[%clk 0:31:05]} 29. Bxc1 {[%clk 0:08:23]} Rc8 {[%clk 0:31:26]}
30. Kd2 {[%clk 0:08:44]} h6 {[%clk 0:30:27]} 31. Re3 {[%clk 0:07:01]} Qb3
{[%clk 0:28:31]} 32. Qd1 {[%clk 0:07:28]} Qxd1+ {[%clk 0:28:54]} 33. Kxd1
{[%clk 0:07:53]} Bc5 {[%clk 0:28:49]} 34. Re2 {[%clk 0:07:56]} Rd8 {[%clk
0:26:47]} 35. Kc2 {[%clk 0:08:13]} Kg8 {[%clk 0:25:57]} 36. Be3 {[%clk
0:08:12]} Bxe3 {[%clk 0:15:17]} 37. Rxe3 {[%clk 0:08:35]} Kf7 {[%clk 0:15:30]}
38. Rg3 {[%clk 0:08:26]} Rd4 {[%clk 0:15:11]} 39. Kd2 {[%clk 0:07:52]} Rf4
{[%clk 0:12:04]} 40. Rf3 {[%clk 0:07:35]} Rxf3 {[%clk 0:10:59]} 41. gxf3 {[%clk
0:08:00]} Ke7 {[%clk 0:11:24]} 42. Ke3 {[%clk 0:07:33]} Kd6 {[%clk 0:11:14]}
43. Ke4 {[%clk 0:07:31]} Kc5 {[%clk 0:10:05]} 44. b4+ {[%clk 0:07:52]} Kc6
{[%clk 0:10:21]} 45. d4 {[%clk 0:00:45]} exd4 {[%clk 0:07:52]} 46. Kxd4 {[%clk
0:01:06]} Kd6 {[%clk 0:07:38]} 47. Ke5+ Kxe5 1/2-1/2

[Event "DVM U12 2016"]
[Site "Magdeburg GER"]
[Date "2016.12.30"]
[Round "7"]
[White "Sinnhöfer, Joshua"]
[Black "Hardt, Anton"]
[Result "0-1"]
[Termination "normal"]
[Board "5.3"]
[WhiteElo "1486"]
[BlackElo "1417"]
[WhiteClock "00:40:55"]
[BlackClock "00:16:45"]
[WhiteTeam "Delmenhorster SK"]
[BlackTeam "SK Mannheim-Lindenhof"]
[PlyCount "108"]
[WhiteFideId "16201361"]
[BlackFideId "16239466"]
[EventCountry "GER"]
[EventRounds "7"]
[EventType "team-swiss"]
[EventDate "2016.12.26"]

1. e4 {[%clk 1:15:53]} d6 {[%clk 1:15:54]} 2. d4 {[%clk 1:15:58]} Nf6 {[%clk
1:16:18]} 3. Nc3 {[%clk 1:15:55]} g6 {[%clk 1:16:38]} 4. f4 {[%clk 1:15:55]}
Bg7 {[%clk 1:17:02]} 5. e5 {[%clk 1:15:03]} dxe5 {[%clk 1:17:24]} 6. fxe5
{[%clk 1:15:11]} Nd5 {[%clk 1:17:10]} 7. Bc4 {[%clk 1:14:50]} Be6 {[%clk
1:11:05]} 8. Qe2 {[%clk 1:14:01]} O-O {[%clk 1:06:27]} 9. Bg5 {[%clk 1:11:33]}
Qd7 {[%clk 1:00:45]} 10. Rd1 {[%clk 1:08:55]} Nc6 {[%clk 0:55:30]} 11. Nf3
{[%clk 1:04:11]} Rfe8 {[%clk 0:49:44]} 12. Bxd5 {[%clk 0:58:33]} Bxd5 {[%clk
0:49:15]} 13. Nxd5 {[%clk 0:58:20]} Qxd5 {[%clk 0:49:30]} 14. c4 {[%clk
0:57:53]} Qa5+ {[%clk 0:47:46]} 15. Kf2 {[%clk 0:56:38]} f6 {[%clk 0:39:20]}
16. Bf4 {[%clk 0:54:12]} Qxa2 {[%clk 0:34:16]} 17. Ra1 {[%clk 0:48:06]} Qb3
{[%clk 0:34:20]} 18. d5 {[%clk 0:48:01]} Nb4 {[%clk 0:33:44]} 19. Ra3 {[%clk
0:47:51]} Qc2 {[%clk 0:32:02]} 20. Qxc2 {[%clk 0:46:31]} Nxc2 {[%clk 0:32:24]}
21. Rb3 {[%clk 0:46:00]} a5 {[%clk 0:29:31]} 22. Rxb7 {[%clk 0:44:31]} Rab8
{[%clk 0:27:07]} 23. Rxb8 {[%clk 0:42:43]} Rxb8 {[%clk 0:27:31]} 24. Bc1 {[%clk
0:40:49]} fxe5 {[%clk 0:25:27]} 25. Ne1 {[%clk 0:39:45]} Nxe1 {[%clk 0:24:11]}
26. Rxe1 {[%clk 0:39:50]} Kf7 {[%clk 0:20:16]} 27. Re2 {[%clk 0:39:06]} e4
{[%clk 0:17:24]} 28. Ke3 {[%clk 0:38:36]} Bh6+ {[%clk 0:17:48]} 29. Kxe4 {[%clk
0:38:19]} Bxc1 {[%clk 0:18:09]} 30. Ke5 {[%clk 0:38:41]} Bxb2+ {[%clk 0:17:46]}
31. Kf4 {[%clk 0:36:21]} a4 {[%clk 0:16:35]} 32. Kg5 {[%clk 0:35:34]} Bc1+
{[%clk 0:15:28]} 33. Kg4 {[%clk 0:35:42]} a3 {[%clk 0:15:40]} 34. Ra2 {[%clk
0:35:44]} Rb4 {[%clk 0:15:31]} 35. Rc2 {[%clk 0:35:48]} Bb2 {[%clk 0:15:02]}
36. Kg5 {[%clk 0:36:11]} a2 {[%clk 0:15:19]} 37. Rf2+ {[%clk 0:36:34]} Bf6+
{[%clk 0:15:24]} 38. Kg4 {[%clk 0:36:36]} a1=Q {[%clk 0:15:44]} 39. Kh3 {[%clk
0:36:53]} Rb3+ {[%clk 0:15:47]} 40. g3 {[%clk 0:37:06]} Qe1 {[%clk 0:15:49]}
41. Rf4 {[%clk 0:37:24]} Qe2 {[%clk 0:14:59]} 42. Rf3 {[%clk 0:36:44]} Rxf3
{[%clk 0:14:46]} 43. c5 {[%clk 0:37:06]} Rxg3+ {[%clk 0:14:59]} 44. hxg3 {[%clk
0:37:20]} Qe3 {[%clk 0:14:57]} 45. d6 {[%clk 0:37:44]} Be5 {[%clk 0:15:01]} 46.
Kg2 {[%clk 0:37:52]} Qxg3+ {[%clk 0:15:18]} 47. Kf1 {[%clk 0:38:18]} exd6
{[%clk 0:15:21]} 48. c6 {[%clk 0:38:37]} Qh2 {[%clk 0:15:44]} 49. Ke1 {[%clk
0:39:00]} Bc3+ {[%clk 0:15:52]} 50. Kf1 {[%clk 0:39:21]} Bd4 {[%clk 0:15:40]}
51. Ke1 {[%clk 0:39:44]} Qf2+ {[%clk 0:16:00]} 52. Kd1 {[%clk 0:40:06]} Bc3
{[%clk 0:16:22]} 53. Kc1 {[%clk 0:40:29]} Qd2+ {[%clk 0:16:45]} 54. Kb1 {[%clk
0:40:55]} Qb2# 0-1

[Event "DVM U12 2016"]
[Site "Magdeburg GER"]
[Date "2016.12.30"]
[Round "7"]
[White "Gündel, Marius"]
[Black "Sinnhöfer, Lilian"]
[Result "1/2-1/2"]
[Termination "normal"]
[Board "5.4"]
[WhiteElo "1335"]
[BlackElo "1319"]
[WhiteClock "00:14:27"]
[BlackClock "00:13:58"]
[WhiteTeam "SK Mannheim-Lindenhof"]
[BlackTeam "Delmenhorster SK"]
[PlyCount "101"]
[BlackFideId "12977586"]
[EventCountry "GER"]
[EventRounds "7"]
[EventType "team-swiss"]
[EventDate "2016.12.26"]

1. e4 {[%clk 1:15:59]} e5 {[%clk 1:15:54]} 2. Nf3 {[%clk 1:16:22]} Nc6 {[%clk
1:16:18]} 3. d4 {[%clk 1:16:10]} exd4 {[%clk 1:16:37]} 4. Nxd4 {[%clk 1:16:32]}
Nf6 {[%clk 1:16:58]} 5. Nc3 {[%clk 1:16:26]} d6 {[%clk 1:13:36]} 6. Bc4 {[%clk
1:14:56]} Be7 {[%clk 1:02:17]} 7. O-O {[%clk 1:14:17]} O-O {[%clk 1:01:23]} 8.
h3 {[%clk 1:09:41]} Ne5 {[%clk 0:59:43]} 9. Bb3 {[%clk 1:07:48]} Re8 {[%clk
0:51:46]} 10. Be3 {[%clk 1:04:33]} a6 {[%clk 0:50:31]} 11. Re1 {[%clk 1:02:49]}
c5 {[%clk 0:45:26]} 12. Nf3 {[%clk 0:59:05]} c4 {[%clk 0:40:54]} 13. Nxe5
{[%clk 0:58:01]} cxb3 {[%clk 0:40:49]} 14. Nf3 {[%clk 0:55:26]} bxa2 {[%clk
0:40:34]} 15. Rxa2 {[%clk 0:52:14]} Be6 {[%clk 0:39:13]} 16. Ra4 {[%clk
0:48:18]} Qc7 {[%clk 0:32:04]} 17. Rd4 {[%clk 0:42:41]} Rad8 {[%clk 0:29:12]}
18. Bf4 {[%clk 0:37:58]} Qb6 {[%clk 0:24:00]} 19. b3 {[%clk 0:32:07]} Qa5
{[%clk 0:19:53]} 20. Re3 {[%clk 0:27:39]} Rc8 {[%clk 0:16:55]} 21. Qd2 {[%clk
0:26:52]} d5 {[%clk 0:16:05]} 22. exd5 {[%clk 0:22:00]} Bb4 {[%clk 0:14:01]}
23. Rxb4 {[%clk 0:19:23]} Qxb4 {[%clk 0:13:43]} 24. dxe6 {[%clk 0:19:37]} fxe6
{[%clk 0:13:02]} 25. Rd3 {[%clk 0:18:37]} Nh5 {[%clk 0:10:53]} 26. Be5 {[%clk
0:17:39]} Nf6 {[%clk 0:09:48]} 27. Ne2 {[%clk 0:16:39]} Qxd2 {[%clk 0:09:15]}
28. Rxd2 {[%clk 0:17:03]} Ne4 {[%clk 0:08:59]} 29. Rd4 {[%clk 0:16:06]} Nf6
{[%clk 0:09:02]} 30. c4 {[%clk 0:14:11]} Rc5 {[%clk 0:07:20]} 31. Nf4 {[%clk
0:13:39]} b5 {[%clk 0:06:58]} 32. cxb5 {[%clk 0:12:30]} Rxb5 {[%clk 0:07:08]}
33. Rd6 {[%clk 0:12:32]} Rxb3 {[%clk 0:07:03]} 34. Rxa6 {[%clk 0:12:55]} Kf7
{[%clk 0:07:08]} 35. Ng5+ {[%clk 0:12:55]} Kg8 {[%clk 0:06:53]} 36. Ngxe6
{[%clk 0:12:04]} Rb1+ {[%clk 0:06:59]} 37. Kh2 {[%clk 0:12:12]} Re1 {[%clk
0:07:05]} 38. Bd4 {[%clk 0:10:45]} Re4 {[%clk 0:05:37]} 39. Bxf6 {[%clk
0:09:18]} gxf6 {[%clk 0:05:53]} 40. Nh5 {[%clk 0:08:44]} R8xe6 {[%clk 0:05:37]}
41. Nxf6+ {[%clk 0:08:27]} Kg7 {[%clk 0:04:30]} 42. Nh5+ {[%clk 0:07:57]} Kf7
{[%clk 0:03:33]} 43. Rxe6 {[%clk 0:05:55]} Kxe6 {[%clk 0:01:44]} 44. g4 {[%clk
0:05:12]} Kf7 {[%clk 0:01:28]} 45. Kg3 {[%clk 0:04:55]} Ra4 {[%clk 0:00:57]}
46. f4 {[%clk 0:04:35]} Ra3+ {[%clk 0:00:49]} 47. Kh4 {[%clk 0:04:34]} h6
{[%clk 0:15:15]} 48. f5 {[%clk 0:18:32]} Ra4 {[%clk 0:14:38]} 49. Ng3 {[%clk
0:18:20]} Ra3 {[%clk 0:14:02]} 50. Ne4 {[%clk 0:18:11]} Re3 {[%clk 0:13:58]}
51. Nc5 {[%clk 0:14:27]} 1/2-1/2